Focus sur: Kíli - Tolkien - Statistiques

Statistiques générales
  • Ce quiz a été pris 38 fois
  • Le résultat moyen est 8 sur 10
Statistiques - réponses
Informations recherchées Réponses % Correct
Espèce Nain
100%
Couleur des cheveux Blond
97%
Age durant lequel il vécut Troisième
94%
Groupe auquel il appartient Compagnie de Thorin
92%
Royaume Erebor
92%
Frère Fíli
92%
Première apparition Le Hobbit
92%
Maison (lignée) Durin
78%
Acteur l'interprétant dans les films Aidan Turner
31%
Mère Dís
31%
Aucun quiz correspondant
Distribution des résultats
% des personnes avec chaque résultat
Percentile par nombre de réponses
Votre historique - résultats
Vous n’avez pas pris ce quiz